| 000 | 00970nam a2200265Ia 4500 | ||
|---|---|---|---|
| 003 | OSt | ||
| 005 | 20220923220558.0 | ||
| 006 | a|||||r|||| 00| 0 | ||
| 007 | ta | ||
| 008 | 220922b |||||||| |||| 00| 0 hin d | ||
| 024 | _a187,727 | ||
| 037 | _cTextual | ||
| 040 |
_aARTS _cARTS _bhin |
||
| 041 |
_2hin _ahin |
||
| 082 | _aW:19'N39<-M71, 152K9 | ||
| 100 | _aगूच, जी पी | ||
| 245 | 0 | _aराजनय और राज्यशिल्प, अनु महेन्द्र चतुर्वेदी | |
| 246 | _aRājanaya aur rājyashilpa, anu0 hinendra chaturvedī | ||
| 260 |
_aदिल्ली _b दिल्ली विश्वविद्यालय _c1969 |
||
| 300 |
_a363 पृ. _ccm. |
||
| 650 | _a विदेश नीति | ||
| 650 |
_aराजनीतिक विज्ञान _9156276 |
||
| 942 |
_hW:19'N39<-M71, 152K9 _cTEXL _2CC |
||
| 999 |
_c340804 _d340804 |
||